<?xml version="1.0" encoding="UTF-8"?>
<marc:record xmlns:marc="http://www.loc.gov/MARC21/slim">
   <marc:leader>00000nam a2200000 a 4500</marc:leader>
   <marc:datafield ind1="1" ind2=" " tag="100">
      <marc:subfield code="a">Haas, Wolf</marc:subfield>
      <marc:subfield code="4">aut</marc:subfield>
      <marc:subfield code="e">Verfasser/-in</marc:subfield>
   </marc:datafield>
   <marc:datafield ind1="0" ind2="0" tag="245">
      <marc:subfield code="a">Komm, süßer Tod</marc:subfield>
   </marc:datafield>
   <marc:datafield ind1="0" ind2="0" tag="245">
      <marc:subfield code="b">Roman</marc:subfield>
   </marc:datafield>
   <marc:datafield ind1=" " ind2="1" tag="264">
      <marc:subfield code="b">Rowohlt Taschenbuch</marc:subfield>
      <marc:subfield code="c">2009</marc:subfield>
   </marc:datafield>
   <marc:datafield ind1="1" ind2=" " tag="520">
      <marc:subfield code="a">«So schön wie Haas hat lange keiner hingelangt.» (Spiegel Kultur extra)  Der Rettungsfahrer Hansi Munz kann es nicht fassen, wie gierig das Liebespaar vor dem Krankenhaus übereinander herfällt. Doch die Küssenden sinken nicht vor Leidenschaft zu Boden, sondern weil sie Opfer eines wahren Kunstschusses geworden sind. Den neuen Kollegen bei den Kreuzrettern, Brenner, läßt dieser Mord kalt - er hat den Privatdetektiv an den Nagel gehängt. Doch sein Chef ist froh, dass er einen ehemaligen Schnüffler in seinen Reihen hat. Im erbitterten Kampf um die Nummer eins im Wiener Rettungswesen will er den üblen Machenschaften der Konkurrenz ein für allemal einen Riegel vorschieben...  Der Roman wurde mit dem Deutschen Krimipreis 1999 ausgezeichnet.</marc:subfield>
   </marc:datafield>
   <marc:datafield ind1=" " ind2=" " tag="020">
      <marc:subfield code="a">9783499228148</marc:subfield>
      <marc:subfield code="9">9783499228148</marc:subfield>
   </marc:datafield>
</marc:record>
